| 000 | 00993pam a2200301 a 4500 | ||
|---|---|---|---|
| 001 | 1525513 | ||
| 003 | OSt | ||
| 005 | 20140310181923.0 | ||
| 008 | 901228t19911990nhua b 000 0 eng | ||
| 010 | _a 90028694 | ||
| 020 | _a0921217617 | ||
| 040 |
_aDLC _cDLC _dDLC |
||
| 050 | 0 | 0 |
_aLB 1576 _b.P37 1991 |
| 082 | 0 | 0 |
_aTRE 822.33O _b Sh1 1988 |
| 100 | 1 |
_aParsons, Les, _d1943- _91953 |
|
| 245 | 1 | 0 |
_aWriting in the real classroom / _cLes Parsons. |
| 260 |
_aPortsmouth, NH : _bHeinemann, _cc1991. |
||
| 300 |
_a112 p. : _bill. ; _c23 cm. |
||
| 504 | _aIncludes bibliographical references. | ||
| 521 | _aFaculty | ||
| 541 | _j1 | ||
| 562 | _e1 | ||
| 650 | 0 |
_aEnglish language _xComposition and exercises _xStudy and teaching. _91954 |
|
| 650 | 0 |
_aCreative writing _xStudy and teaching. _91955 |
|
| 906 |
_a7 _bcbc _corignew _d1 _eocip _f19 _gy-gencatlg |
||
| 942 |
_2lcc _cBK-TR _kTRE |
||
| 999 |
_c7070 _d7070 |
||